[Event "Sao Paulo Communic 1st"]
[Site "Sao Paulo"]
[Date "2004.02.07"]
[Round "5"]
[White "Moyses Fo, Joao"]
[Black "Da Silva, Saulo de Tarso"]
[Result "1-0"]
[WhiteElo "2067"]
[BlackElo "2031"]
[PlyCount "81"]
[EventDate "2004.02.04"]
[EventType "tourn"]
[EventRounds "9"]
[EventCountry "BRA"]
[EventCategory "2"]
[SourceTitle "CBM 098 Extra"]
[Source "ChessBase"]
[SourceDate "2004.03.10"]
[SourceVersion "2"]
[SourceVersionDate "2004.03.10"]
[SourceQuality "1"]

1. e4 c5 2. Nf3 Nc6 3. Nc3 e5 4. g3 Nf6 5. Bg2 d6 6. 0-0 h6 7. d3 Bg4 8. h3 Be6 9. Nh4 Qd7 10. Nd5 0-0-0 11. Nxf6 gxf6 12. g4 h5 13. Nf5 hxg4 14. hxg4 d5 15. Be3 d4 16. Bd2 Be7 17. a3 Rdg8 18. b4 c4 19. b5 Nd8 20. a4 Bc5 21. Qe2 c3 22. Bc1 Qe8 23. Ba3 Bxa3 24. Rxa3 Qf8 25. Rfa1 Bxf5 26. exf5 Rh4 27. f3 Qh6 28. Qf2 Rh8 29. Kf1 Qf4 30. Kg1 Rh2 31. a5 Kd7 32. R3a2 R8h4 33. Re1 Qh6 34. Qg3 Qd2 35. Raa1 Qxc2 36. f4 e4 37. Rxe4 Rxg2+ 38. Qxg2 Qxd3 39. Rae1 Rh3 40. Qf2 Rg3+ 41. Kh2 1-0

[Event "Sao Paulo Communic 1st"]
[Site "Sao Paulo"]
[Date "2004.02.05"]
[Round "2"]
[White "Da Silva, Saulo de Tarso"]
[Black "Maia, Luciano Malta"]
[Result "0-1"]
[WhiteElo "2031"]
[BlackElo "2273"]
[PlyCount "94"]
[EventDate "2004.02.04"]
[EventType "tourn"]
[EventRounds "9"]
[EventCountry "BRA"]
[EventCategory "2"]
[SourceTitle "CBM 098 Extra"]
[Source "ChessBase"]
[SourceDate "2004.03.10"]
[SourceVersion "2"]
[SourceVersionDate "2004.03.10"]
[SourceQuality "1"]

1. d4 Nf6 2. c4 c5 3. d5 b5 4. cxb5 a6 5. b6 e6 6. Nc3 Nxd5 7. Nxd5 exd5 8. Qxd5 Nc6 9. Nf3 Rb8 10. Bd2 Be7 11. Bc3 0-0 12. e4 Rxb6 13. Bc4 d6 14. Qd2 Be6 15. Bd5 Bf6 16. Bxe6 fxe6 17. Rd1 Bxc3 18. bxc3 Ne7 19. Qe3 h6 20. 0-0 Qc7 21. Rd2 Rfb8 22. Rfd1 Rb1 23. Qd3 Rxd1+ 24. Rxd1 Rb6 25. h3 Qc6 26. e5 d5 27. c4 Qa4 28. cxd5 exd5 29. Rd2 Qb5 30. Qe3 d4 31. Nxd4 cxd4 32. Qxd4 Re6 33. f4 h5 34. Qd8+ Kh7 35. g4 hxg4 36. hxg4 Rh6 37. Qd3+ Qxd3 38. Rxd3 Ng6 39. Rd4 Rh4 40. e6 Rxg4+ 41. Kf2 Rh4 42. Kg3 Rh1 43. Kf2 Rh2+ 44. Kf3 Rxa2 45. Rd7 Ra1 46. Kf2 Ra4 47. Kf3 Rxf4+ 0-1